A vida mágica da sementinha (Registo nº 1592)

Detalhes MARC
000 -Etiqueta do registo
Cabeçalho 00730nam0a2200265 4500
005 - Identificador da versão
Campo de controlo 20240823124617.0
010 ## - Número internacional normalizado dos livros (ISBN)
Número (ISBN) 9789722125710
021 ## - Número do Depósito Legal
Código do país PT
Número 404113/16
100 ## - Dados gerais de processamento
Dados gerais de processamento 20191203d2017 a y0pory5003 ba
101 0# - Língua de publicação
Língua do texto, banda sonora, etc. Português
102 ## - Pais de publicação ou produção
País de publicação Portugal
200 1# - Titulo e menção de responsabilidade
Título próprio A vida mágica da sementinha
Informação de outro título uma breve história do trigo
Primeira menção de responsabilidade Alves Redol
205 ## - Menção da edição
Menção da edição 21ª ed
210 ## - Publicação, Distribuição, etc. 
Lugar da edição, distribuição, etc. Alfragide
Nome do editor, distribuidor, etc. Caminho
Data da publicação, distribuição, etc. 2017
215 ## - Descrição física 
Indicação específica da natureza do documento e extensão da espécie 94
225 2# - Colecção 
Título próprio da colecção Livros do dia e da noite
300 ## - Notas gerais 
Texto da nota Metas Curriculares
Texto da nota Plano Nacional de Leitura
606 ## - Nome comum usado como assunto
Número de registo de entrada de autoridade 0002010
Palavra de ordem Literatura portuguesa
Subdivisão de assunto Conto
Código do sistema CA
675 ## - Classificação Decimal Universal (CDU)
Notação 821.134.3-34
Edição 3ª ed.
Língua da edição por
700 ## - Nome de autor-pessoa física (responsabilidade principal)
Número de registo de entrada de autoridade 0000495
Palavra de ordem Redol
Outra parte do nome não tomada para palavra de ordem Alves
Datas 1911-1969
942 ## - Elementos de entrada adicionados (Koha)
Tipo de item no Koha Livro
966 ## - Identificação da Biblioteca
Sigla EB2,3ENM
Exemplares
Situação do levantamento Origin of item (home branch) (coded) Biblioteca de empréstimo Cota Circulation type (not for loan) Tipo de documento Damaged status
  Biblioteca Escolar Eng. Nuno Mergulhão Biblioteca Escolar Eng. Nuno Mergulhão 82LP-34 RED MET PNL   Livro